Next what ? -Stairs / (Record no. 143580)

MARC details
000 -LEADER
fixed length control field 00612nam a22001937a 4500
005 - DATE AND TIME OF LATEST TRANSACTION
control field 20170821112359.0
010 ## - LCCN (DPL NO)
LC control number ENG-119727
020 ## - INTERNATIONAL STANDARD BOOK NUMBER
International Standard Book Number 9788192253008
Terms of availability 400.00
035 ## - SYSTEM CONTROL NUMBER
System control number EN-103259
037 ## - SOURCE OF ACQUISITION
Source of stock number/acquisition DBAD/PUB
082 ## - DEWEY DECIMAL CLASSIFICATION NUMBER
Classification number 620.31
100 ## - MAIN ENTRY--PERSONAL NAME
Personal name Kaleeswaran, Mc.
245 ## - TITLE STATEMENT
Title Next what ? -Stairs /
Statement of responsibility, etc by Mc. Kaleeswaran
260 ## - PUBLICATION, DISTRIBUTION, ETC. (IMPRINT)
Place of publication, distribution, etc Chennai
Name of publisher, distributor, etc Unique Media Integrators
Date of publication, distribution, etc 2011
270 ## - ADDRESS
Address No. 31/14, "'BAJAJ MANOR'' Flat No. 1A, First Floor, College Road, (opp to DP) Nungambakkam,
City Chennai
Postal code 600006
300 ## - PHYSICAL DESCRIPTION
Extent 281p.
Dimensions 21cm(pbk)
505 ## - FORMATTED CONTENTS NOTE
Formatted contents note vol.1
942 ## - ADDED ENTRY ELEMENTS (KOHA)
Source of classification or shelving scheme Dewey Decimal Classification
Item type English Books
Classification part 620.31
Call number suffix KAL
Holdings
Withdrawn status Lost status Not for loan Collection code Home library Current library Date acquired Source of acquisition Cost, normal purchase price Full call number Barcode Copy number Cost, replacement price Koha item type
      Non-fiction D.B.Act.Division Mobile Library 21/08/2017 DBAD/PUB 400.00 620.31 KAL EN-103259 1 400.00 English Books

© Delhi Public Library
Hit Counter
free hit counter